00890nam a2200241 a 45000010005000000030008000050050017000130080039000300350018000690400032000870410008001190820042001271000029001692450064001982460076002622460054003382500012003922600071004043000018004755040040004935050074005336510041006072579BD-RjUL20211208233601.0190225m19681970ii a b 001 0 eng a(BD-RjUL)2606 aDLCcDLCdDLCdBD-RjULbeng aeng00a330.95414223bSIE V-1-2-3 1968-19701 aSinha, Narendra Krishna.14aThe economic history of Bengal /cby Narendra Krishna Sinha aThe economic history of Bengal :bThe economic history of Bengal (v-2) aThe economic history of Bengal :b1793-1848 (V-3) a1st ed. aCalcutta :bFirma K.L. Mukhopadyay ,cc1962 -1970 [Reprinted 1968] a v ;c23 cm. aIncludes bibliographies and index..0 aVol. 2, From Plassey to the permanent settlement.-- v. 3. 1793-1848. 0aBengal (India)xEconomic conditions.